Fr. Conceicao Rodrigues College of Engineering

Operation Research (Record no. 35522)

MARC details
000 -LEADER
fixed length control field 00296nam a2200145Ia 4500
082 ## - DEWEY DECIMAL CLASSIFICATION NUMBER
Classification number 658.4034
Item number GUP
100 ## - MAIN ENTRY--PERSONAL NAME
Personal name Gupta/P.K/ Hira/D.S
245 ## - TITLE STATEMENT
Title Operation Research
260 ## - PUBLICATION, DISTRIBUTION, ETC.
Name of publisher, distributor, etc. S.Chand and Co.
Date of publication, distribution, etc. 1976
366 ## - TRADE AVAILABILITY INFORMATION
Publishers's discount category 20
300 ## - PHYSICAL DESCRIPTION
Extent 1395
546 ## - LANGUAGE NOTE
Language note ENGLISH
942 ## - ADDED ENTRY ELEMENTS (KOHA)
Koha item type BOOK
Holdings
Withdrawn status Lost status Damaged status Not for loan Collection Home library Current library Date acquired Source of acquisition Cost, normal purchase price Inventory number Total Checkouts Full call number Barcode Date last seen Cost, replacement price Price effective from Koha item type
        CRC Fr. Agnel's C.Rodrigues College of Engineering Fr. Agnel's C.Rodrigues College of Engineering 17/03/2023 Dharma Enterprises 380.00 298 dt 28/04/2009   658.4034 GUP 19641 17/03/2023 475.00   BOOK